00513nam a2200145 a 450000100100000000500170001000800410002704000250006808200160009311000540010924500980016326000530026130000210031450400320033500003838020240307073950.0110330s1969 dr 000 0 spa d aDO-SdBNPbspacBNPHU axxxxbR426p1 aRepública Dominicana.b Junta Central Electoral10aProyecciones 17 :bcontribución a la orientación cívico-cultural del pueblo dominicano. aSanto Domingo :bJunta Central Electoral,c1969. a229 p. ;c17 cm. aBibliografía : p. 225-226